Pilo toq

Saved in:
Bibliographic Details
Format: Book
Language:English
Tags: Add Tag
No Tags, Be the first to tag this record!
Call Number :

MARC

LEADER 00000nam a2200000 a 4500
001 100924
003 MY-KLNDU
005 20241220035610.0
008 161221 000 0 eng d
020 |a 9789673692897 
039 9 |y 201612211632  |z hasniza 
245 1 |a Pilo toq 
999 |a vtls000058228  |c 100924  |d 100924